[Event "1. Bundesliga 2018/2019"]
[Site "St. Veit an der Glan"]
[Date "2019.01.20"]
[Round "8"]
[Board "4"]
[White "Walter, Stefan"]
[Black "Ganaus, Hannes"]
[Result "1-0"]
[WhiteElo "2403"]
[BlackElo "2242"]
[PlyCount "75"]
[EventDate "2018.11.15"]
[EventType "team"]
[EventRounds "11"]
[EventCountry "AUT"]
[WhiteTeam "Schachclub Sparkasse Goetzis"]
[BlackTeam "Data Technology Pressbaum"]

1.d4 Nf6 2.c4 e6 3.g3 c5 4.d5 exd5 5.cxd5 d6 6.Nc3 g6 7.Bg2 Bg7 8.Nf3 O-O 9.O-O Re8
10.Bf4 Bf5 11.Nh4 Bg4 12.h3 Nh5 13.Bc1 Bd7 14.Re1 b5 15.e4 Na6 16.a4 bxa4 17.Nf3 f5
18.Ng5 Nb4 19.Ne6 Bxe6 20.dxe6 Rxe6 21.exf5 Rxe1+ 22.Qxe1 Qe8 23.Qd1 Bd4 24.Ne2 Rc8
25.Nxd4 cxd4 26.Qxd4 Qe1+ 27.Kh2 Rxc1 28.Rxc1 Qxc1 29.Qxb4 Qc5 30.Qxc5 dxc5 31.fxg6
hxg6 32.f4 Nf6 33.Bc6 a3 34.bxa3 c4 35.Kg2 c3 36.Ba4 Nd5 37.Kf3 Nc7 38.Ke3 1-0

[Event "1. Bundesliga 2018/2019"]
[Site "St. Veit an der Glan"]
[Date "2019.01.20"]
[Round "8"]
[Board "5"]
[White "Neumeier, Klaus"]
[Black "Kessler, Luca"]
[Result "0-1"]
[WhiteElo "2315"]
[BlackElo "2432"]
[PlyCount "112"]
[EventDate "2018.11.15"]
[EventType "team"]
[EventRounds "11"]
[EventCountry "AUT"]
[WhiteTeam "Data Technology Pressbaum"]
[BlackTeam "Schachclub Sparkasse Goetzis"]

1.Nf3 Nf6 2.c4 e6 3.g3 d5 4.Bg2 dxc4 5.Qa4+ Bd7 6.Qxc4 c5 7.Ne5 Qc8 8.Nc3 Nc6 9.Nxc6
Bxc6 10.Bxc6+ Qxc6 11.Qb5 Rc8 12.Qxc6+ Rxc6 13.d3 Be7 14.O-O O-O 15.Bd2 c4 16.dxc4
Rxc4 17.Rfd1 Rfc8 18.a3 h6 19.Kg2 g5 20.Be3 a6 21.h3 Kg7 22.Rd4 R4c6 23.Rd3 Kg6 24.Kf3
R8c7 25.Bd4 Nd7 26.e4 h5 27.g4 Nc5 28.Bxc5 Rxc5 29.Nd1 Bf6 30.Rb1 Rc2 31.a4 h4 32.b3
b5 33.axb5 axb5 34.Rd6 R7c5 35.Rd3 Ra2 36.Ne3 Be5 37.Re1 Rb2 38.Re2 Rb1 39.Rc2 Rc7
40.Rxc7 Bxc7 41.Nd1 Be5 42.Ke2 Bf4 43.Kf3 Kg7 44.Ke2 Kg6 45.Kf3 b4 46.Ke2 Kf6 47.f3
Ke5 48.Rd7 Rxb3 49.Rxf7 Kd6 50.Rb7 Kc5 51.Re7 Ra3 52.Rxe6 Ra2+ 53.Kf1 b3 54.Re7 b2
55.Nc3 Ra1+ 56.Ke2 Kc4 0-1

[Event "1. Bundesliga 2018/2019"]
[Site "St. Veit an der Glan"]
[Date "2019.01.20"]
[Round "8"]
[Board "6"]
[White "Anistratov, Dmitrij"]
[Black "Weissenbeck, Manuel"]
[Result "1-0"]
[WhiteElo "2298"]
[BlackElo "2271"]
[PlyCount "91"]
[EventDate "2018.11.15"]
[EventType "team"]
[EventRounds "11"]
[EventCountry "AUT"]
[WhiteTeam "Schachclub Sparkasse Goetzis"]
[BlackTeam "Data Technology Pressbaum"]

1.c4 e5 2.Nc3 Nf6 3.Nf3 Nc6 4.e3 Be7 5.a3 h6 6.Qc2 a5 7.Nd5 d6 8.b3 Bg4 9.Bb2 O-O
10.h3 Be6 11.Nxe7+ Qxe7 12.Be2 Rad8 13.Rc1 Bc8 14.Bc3 Rfe8 15.O-O d5 16.cxd5 Nxd5
17.Bb2 e4 18.Nd4 Nxd4 19.Bxd4 Qh4 20.Kh2 c6 21.f4 Nf6 22.Qd1 Rxd4 23.exd4 Nd5 24.Qe1
Qe7 25.Bc4 Nf6 26.a4 Qd7 27.Qe3 Rd8 28.d3 b5 29.axb5 cxb5 30.Bxb5 Qxb5 31.dxe4 Bb7
32.e5 Nd5 33.Qg3 Nb4 34.f5 Rxd4 35.f6 g6 36.Qe3 Qd5 37.Rf2 g5 38.e6 fxe6 39.f7+ Kf8
40.Qc3 Rf4 41.Qh8+ Kxf7 42.Rc7+ Kg6 43.Qh7+ Kf6 44.Qxh6+ Ke5 45.Qxg5+ Rf5 46.Qg3+ 1-0

[Event "1. Bundesliga 2018/2019"]
[Site "St. Veit an der Glan"]
[Date "2019.01.20"]
[Round "8"]
[Board "1"]
[White "Mons, Leon"]
[Black "Michalik, Peter"]
[Result "1-0"]
[WhiteElo "2553"]
[BlackElo "2577"]
[PlyCount "71"]
[EventDate "2018.11.15"]
[EventType "team"]
[EventRounds "11"]
[EventCountry "AUT"]
[WhiteTeam "SIR Salzburg"]
[BlackTeam "SK Mayrhofen/Zell/Zillertal"]

1.e4 c5 2.Nc3 Nc6 3.Bb5 g6 4.Bxc6 dxc6 5.f4 Bg7 6.Nf3 Nf6 7.d3 c4 8.d4 b5 9.a3 O-O
10.O-O Qb6 11.h3 Nd7 12.Be3 Bb7 13.Qe1 a5 14.Qh4 b4 15.axb4 axb4 16.Na4 Qb5 17.Qxe7
c5 18.Nxc5 Nxc5 19.Rxa8 Bxa8 20.dxc5 Re8 21.Qa7 Bxe4 22.Ne5 Rf8 23.Rf2 c3 24.bxc3
bxc3 25.Qb6 Qa4 26.c6 Bxc2 27.Qc5 Qa1+ 28.Kh2 Bf5 29.Bd4 Rc8 30.Bxc3 Qc1 31.c7 h5
32.Rf3 Bh6 33.Qd4 Bg7 34.Qd8+ Kh7 35.Qe7 Be4 36.Nxf7 1-0

[Event "1. Bundesliga 2018/2019"]
[Site "St. Veit an der Glan"]
[Date "2019.01.20"]
[Round "8"]
[Board "2"]
[White "Votava, Jan"]
[Black "Durakovic, Alman"]
[Result "1-0"]
[WhiteElo "2518"]
[BlackElo "2283"]
[PlyCount "97"]
[EventDate "2018.11.15"]
[EventType "team"]
[EventRounds "11"]
[EventCountry "AUT"]
[WhiteTeam "SK Mayrhofen/Zell/Zillertal"]
[BlackTeam "SIR Salzburg"]

1.d4 Nf6 2.c4 e6 3.Nf3 Bb4+ 4.Nbd2 b6 5.a3 Bxd2+ 6.Qxd2 Bb7 7.e3 Ne4 8.Qc2 O-O 9.Be2
a5 10.b3 d6 11.O-O Nd7 12.Nd2 f5 13.f3 Nxd2 14.Bxd2 Qh4 15.c5 dxc5 16.dxc5 Bd5 17.b4
a4 18.cxb6 cxb6 19.Rac1 Bb3 20.Qc7 Qd8 21.Qxd8 Rfxd8 22.Bc3 Nf6 23.Kf2 Rd5 24.Bd4
Nd7 25.Rc7 e5 26.Bc3 Rd8 27.Rc1 Nf6 28.Be1 R8d7 29.h3 R5d6 30.g4 fxg4 31.hxg4 Rxc7
32.Rxc7 Nd5 33.Rc1 Rh6 34.Kg3 Rh1 35.Kg2 Rxe1 36.Rxe1 Nxe3+ 37.Kf2 Nc2 38.Rc1 Nxa3
39.Bd3 b5 40.Rc5 Nc4 41.Rxb5 Nb2 42.Rb8+ Kf7 43.Bxh7 Kf6 44.Ra8 g6 45.b5 Nc4 46.Ra6+
Ke7 47.Bxg6 Kd7 48.Bd3 Nd6 49.g5 1-0

[Event "1. Bundesliga 2018/2019"]
[Site "St. Veit an der Glan"]
[Date "2019.01.20"]
[Round "8"]
[Board "3"]
[White "Leeb, Simon"]
[Black "Lanka, Zigurds"]
[Result "1/2-1/2"]
[WhiteElo "2178"]
[BlackElo "2403"]
[PlyCount "123"]
[EventDate "2018.11.15"]
[EventType "team"]
[EventRounds "11"]
[EventCountry "AUT"]
[WhiteTeam "SIR Salzburg"]
[BlackTeam "SK Mayrhofen/Zell/Zillertal"]

1.d4 Nf6 2.c4 e6 3.a3 d5 4.Nc3 c5 5.Bf4 a6 6.cxd5 exd5 7.Nf3 Nc6 8.g3 cxd4 9.Nxd4
Bc5 10.Nxc6 bxc6 11.Bg2 O-O 12.O-O Bg4 13.Rc1 Ba7 14.Qd3 Re8 15.h3 Bh5 16.g4 Bg6 17.Qd2
Re6 18.e3 Qe8 19.Ne2 h5 20.g5 Ne4 21.Qd1 f6 22.h4 fxg5 23.hxg5 Bf5 24.Nc3 Nc5 25.Nxd5
Rd8 26.b4 Ne4 27.Nc7 Rxd1 28.Nxe8 Rxf1+ 29.Bxf1 Rxe8 30.Rxc6 Bb8 31.Bc4+ Kh8 32.Bf7
Rd8 33.Bxb8 Rxb8 34.Bxh5 Nxg5 35.Rxa6 Be4 36.Bg4 Nh7 37.f3 Bd3 38.Ra7 Nf6 39.Bh3 Bc2
40.e4 Bb3 41.Bf5 Kg8 42.Kf2 Kf8 43.Ke3 Bf7 44.Kf4 Be8 45.Be6 Rd8 46.e5 Nh5+ 47.Kg5
Ng3 48.Bg4 Ne2 49.f4 Nc3 50.e6 Ne4+ 51.Kf5 Nd6+ 52.Ke5 Nc4+ 53.Ke4 Nd2+ 54.Ke3 Nc4+
55.Kf2 Rd4 56.Kf3 Rd3+ 57.Ke4 Rxa3 58.Rc7 Rg3 59.Rxc4 Rxg4 60.Ke5 Rg1 61.f5 Re1+ 62.Kd6 1/2-1/2

[Event "1. Bundesliga 2018/2019"]
[Site "St. Veit an der Glan"]
[Date "2019.01.20"]
[Round "8"]
[Board "4"]
[White "Platzgummer, Fabian"]
[Black "Pflug, Mathias"]
[Result "1/2-1/2"]
[WhiteElo "2327"]
[BlackElo "2267"]
[PlyCount "61"]
[EventDate "2018.11.15"]
[EventType "team"]
[EventRounds "11"]
[EventCountry "AUT"]
[WhiteTeam "SK Mayrhofen/Zell/Zillertal"]
[BlackTeam "SIR Salzburg"]

1.g3 Nf6 2.Bg2 g6 3.c4 Bg7 4.Nc3 d6 5.e4 O-O 6.Nge2 c5 7.d4 Nc6 8.d5 Ne5 9.b3 Bg4
10.O-O Bf3 11.Bxf3 Nxf3+ 12.Kg2 Nd4 13.Nxd4 cxd4 14.Qxd4 Nxd5 15.Qxd5 Bxc3 16.Rb1
Qc7 17.Bf4 Qc6 18.Qxc6 bxc6 19.b4 Rfb8 20.Rb3 Bd4 21.a4 a6 22.Bd2 c5 23.b5 axb5 24.Rxb5
Rxb5 25.axb5 Kf8 26.Rb1 Ke8 27.b6 Kd7 28.Ba5 Rb8 29.b7 Bf6 30.f4 e6 31.f5 1/2-1/2

[Event "1. Bundesliga 2018/2019"]
[Site "St. Veit an der Glan"]
[Date "2019.01.20"]
[Round "8"]
[Board "5"]
[White "Rosner, Gerhard"]
[Black "Maiwald, Jens-Uwe"]
[Result "0-1"]
[WhiteElo "2042"]
[BlackElo "2432"]
[PlyCount "48"]
[EventDate "2018.11.15"]
[EventType "team"]
[EventRounds "11"]
[EventCountry "AUT"]
[WhiteTeam "SIR Salzburg"]
[BlackTeam "SK Mayrhofen/Zell/Zillertal"]

1.d4 d6 2.c4 e5 3.dxe5 dxe5 4.Qxd8+ Kxd8 5.Nc3 Be6 6.b3 Nd7 7.Nf3 f6 8.Bb2 c6 9.e3
Kc7 10.Be2 a5 11.a3 Nc5 12.Nd2 Bf5 13.e4 Bg6 14.O-O-O Nh6 15.h4 Be7 16.Kc2 Rhd8 17.h5
Be8 18.g3 Nf7 19.Bg4 Nd3 20.Rhf1 Bc5 21.Nd5+ cxd5 22.Kxd3 dxe4+ 23.Kc2 Ng5 24.h6 Bg6 0-1

[Event "1. Bundesliga 2018/2019"]
[Site "St. Veit an der Glan"]
[Date "2019.01.20"]
[Round "8"]
[Board "6"]
[White "Tabernig, Bernhard"]
[Black "Prodinger, Johannes"]
[Result "1-0"]
[WhiteElo "2296"]
[BlackElo "1954"]
[PlyCount "59"]
[EventDate "2018.11.15"]
[EventType "team"]
[EventRounds "11"]
[EventCountry "AUT"]
[WhiteTeam "SK Mayrhofen/Zell/Zillertal"]
[BlackTeam "SIR Salzburg"]

1.d4 Nf6 2.c4 c5 3.d5 e6 4.Nc3 exd5 5.cxd5 d6 6.Nf3 g6 7.Bg5 Bg7 8.Nd2 a6 9.e4 b5
10.Qc2 O-O 11.Be2 Nbd7 12.a4 b4 13.Nd1 a5 14.Ne3 Ba6 15.Ndc4 Bxc4 16.Bxc4 Qe7 17.f3
Qe5 18.Bh4 Nh5 19.Rb1 f5 20.O-O fxe4 21.fxe4 Rxf1+ 22.Nxf1 Bh6 23.Re1 Rf8 24.Bf2 Ndf6
25.h3 g5 26.Ne3 Qxe4 27.Bd3 Qf4 28.Nf5 Bg7 29.Be3 Qe5 30.Bd2 1-0

[Event "1. Bundesliga 2018/2019"]
[Site "St. Veit an der Glan"]
[Date "2019.01.20"]
[Round "8"]
[Board "1"]
[White "Menezes, Christoph"]
[Black "Ragger, Markus"]
[Result "0-1"]
[WhiteElo "2399"]
[BlackElo "2687"]
[PlyCount "70"]
[EventDate "2018.11.15"]
[EventType "team"]
[EventRounds "11"]
[EventCountry "AUT"]
[WhiteTeam "UNION Ansfelden"]
[BlackTeam "SC MPOE Maria Saal"]

1.Nf3 Nf6 2.c4 c5 3.Nc3 d5 4.cxd5 Nxd5 5.e4 Nb4 6.Bc4 Be6 7.Bb5+ N8c6 8.O-O a6 9.Bxc6+
Nxc6 10.h3 Bc4 11.Re1 e5 12.b3 Be6 13.Bb2 f6 14.d3 Be7 15.Nh2 Qd6 16.Nf1 Nb4 17.Ne3
Nxd3 18.Re2 Nxb2 19.Rxb2 Qxd1+ 20.Rxd1 Kf7 21.Ncd5 Rhd8 22.Rc1 Bf8 23.a4 b5 24.Ra1
Rab8 25.Nc7 Rd4 26.axb5 axb5 27.f3 Bd7 28.Ra7 Kg8 29.Rc2 c4 30.Ncd5 cxb3 31.Rb2 Be6
32.Kf1 f5 33.Ne7+ Bxe7 34.Rxe7 Bc4+ 35.Kf2 Rbd8 0-1

[Event "1. Bundesliga 2018/2019"]
[Site "St. Veit an der Glan"]
[Date "2019.01.20"]
[Round "8"]
[Board "2"]
[White "Predojevic, Borki"]
[Black "Weiss, Christian"]
[Result "1-0"]
[WhiteElo "2621"]
[BlackElo "2373"]
[PlyCount "93"]
[EventDate "2018.11.15"]
[EventType "team"]
[EventRounds "11"]
[EventCountry "AUT"]
[WhiteTeam "SC MPOE Maria Saal"]
[BlackTeam "UNION Ansfelden"]

1.e4 c6 2.d4 d5 3.e5 Bf5 4.h4 h5 5.c4 e6 6.Nc3 Nd7 7.cxd5 exd5 8.Bd3 Ne7 9.Nge2 g6
10.Bg5 Bxd3 11.Qxd3 Bh6 12.f4 Bxg5 13.hxg5 Qb6 14.g4 O-O-O 15.gxh5 Qxb2 16.Rb1 Qa3
17.h6 Nf5 18.Kf2 Nb6 19.Rb3 Qa5 20.Ng3 Nxg3 21.Kxg3 Nc4 22.Rhb1 Rd7 23.Rb4 Qd8 24.Na4
b6 25.Nb2 Nxb2 26.R4xb2 Rc7 27.a4 Kd7 28.a5 b5 29.Qa3 Qe7 30.Qxe7+ Kxe7 31.Rc2 a6
32.Kg4 Ke6 33.Rbc1 Rhc8 34.h7 Kd7 35.f5 gxf5+ 36.Kxf5 Rh8 37.Rh2 Ke7 38.Rh6 b4 39.Rhxc6
Rxc6 40.Rxc6 Rxh7 41.Rxa6 Rh1 42.Ra7+ Ke8 43.e6 Rf1+ 44.Ke5 Re1+ 45.Kxd5 Rxe6 46.Kc4
Rg6 47.Rb7 1-0

[Event "1. Bundesliga 2018/2019"]
[Site "St. Veit an der Glan"]
[Date "2019.01.20"]
[Round "8"]
[Board "3"]
[White "Mostbauer, Florian"]
[Black "Buhmann, Rainer"]
[Result "0-1"]
[WhiteElo "2345"]
[BlackElo "2581"]
[PlyCount "76"]
[EventDate "2018.11.15"]
[EventType "team"]
[EventRounds "11"]
[EventCountry "AUT"]
[WhiteTeam "UNION Ansfelden"]
[BlackTeam "SC MPOE Maria Saal"]

1.c4 e5 2.g3 f5 3.Nc3 d6 4.Bg2 Nf6 5.e3 Be7 6.Nge2 O-O 7.O-O Qe8 8.f4 Na6 9.a3 c6
10.b4 Nc7 11.fxe5 dxe5 12.e4 Qh5 13.d4 Rd8 14.d5 fxe4 15.Qc2 cxd5 16.Nxd5 Ncxd5 17.cxd5
Nxd5 18.Bxe4 Be6 19.Nc3 Nxc3 20.Qxc3 Rac8 21.Qe3 b6 22.Bf3 Bg4 23.Bb2 Bxf3 24.Rxf3
Bf6 25.Raf1 Qe8 26.Rf5 Qe6 27.Qe2 Re8 28.g4 h6 29.g5 Bxg5 30.Rxe5 Qg6 31.Rxe8+ Rxe8
32.Qc4+ Kh7 33.Qf7 Be3+ 34.Kh1 Qe4+ 35.Rf3 Qb1+ 36.Rf1 Qe4+ 37.Rf3 Re7 38.Qf8 Rd7 0-1

[Event "1. Bundesliga 2018/2019"]
[Site "St. Veit an der Glan"]
[Date "2019.01.20"]
[Round "8"]
[Board "4"]
[White "Kreisl, Robert"]
[Black "Moser, Guenter"]
[Result "1/2-1/2"]
[WhiteElo "2397"]
[BlackElo "2306"]
[PlyCount "61"]
[EventDate "2018.11.15"]
[EventType "team"]
[EventRounds "11"]
[EventCountry "AUT"]
[WhiteTeam "SC MPOE Maria Saal"]
[BlackTeam "UNION Ansfelden"]

1.d4 f5 2.Nc3 d5 3.Bf4 c6 4.e3 Nf6 5.Bd3 Be6 6.Nf3 g6 7.Ne2 Nbd7 8.h3 Ne4 9.h4 h5
10.Ne5 Rg8 11.f3 Nef6 12.b3 Bf7 13.Nxd7 Nxd7 14.c4 e6 15.Qd2 Be7 16.Bg3 Kf8 17.e4
Kg7 18.cxd5 cxd5 19.exd5 exd5 20.Rc1 Qb6 21.O-O Rac8 22.Rxc8 Rxc8 23.Rc1 Rxc1+ 24.Qxc1
Bf6 25.Bf2 Nb8 26.Qc3 Nc6 27.a3 a5 28.a4 Qd8 29.g3 Qe7 30.Kf1 Qb4 31.Qxb4 1/2-1/2

[Event "1. Bundesliga 2018/2019"]
[Site "St. Veit an der Glan"]
[Date "2019.01.20"]
[Round "8"]
[Board "5"]
[White "Knoll, Hermann"]
[Black "Naumann, Alexander"]
[Result "1/2-1/2"]
[WhiteElo "2348"]
[BlackElo "2541"]
[PlyCount "68"]
[EventDate "2018.11.15"]
[EventType "team"]
[EventRounds "11"]
[EventCountry "AUT"]
[WhiteTeam "UNION Ansfelden"]
[BlackTeam "SC MPOE Maria Saal"]

1.d4 Nf6 2.Nf3 d5 3.c4 e6 4.Nc3 Bb4 5.e3 O-O 6.Bd3 dxc4 7.Bxc4 c5 8.a3 Bxc3+ 9.bxc3
Qc7 10.Qc2 b6 11.Bb2 Bb7 12.O-O Nbd7 13.Rfe1 Rac8 14.Rac1 cxd4 15.cxd4 b5 16.Bd3 Qxc2
17.Bxc2 Be4 18.Bb3 Bd5 19.Bc2 Be4 20.Bb3 Bd5 21.Bc2 Nb6 22.Ne5 Nc4 23.Nxc4 Bxc4 24.e4
Rc6 25.f3 Rfc8 26.Kf2 Nd7 27.Ke3 Nb6 28.Kd2 Ba2 29.Bd3 Bc4 30.Bb1 f6 31.Bc3 Bb3 32.Bd3
Nc4+ 33.Bxc4 Rxc4 34.g4 Kf7 1/2-1/2

[Event "1. Bundesliga 2018/2019"]
[Site "St. Veit an der Glan"]
[Date "2019.01.20"]
[Round "8"]
[Board "6"]
[White "Handler, Lukas"]
[Black "Ennsberger, Ulrich"]
[Result "1-0"]
[WhiteElo "2412"]
[BlackElo "2253"]
[PlyCount "77"]
[EventDate "2018.11.15"]
[EventType "team"]
[EventRounds "11"]
[EventCountry "AUT"]
[WhiteTeam "SC MPOE Maria Saal"]
[BlackTeam "UNION Ansfelden"]

1.d4 Nf6 2.c4 c5 3.d5 b5 4.Nf3 b4 5.Qc2 d6 6.e4 g6 7.Bd3 Bg7 8.h3 O-O 9.O-O e5 10.Bg5
h6 11.Be3 Nh5 12.Ne1 Nf4 13.Nd2 a5 14.a3 Na6 15.a4 b3 16.Nxb3 Nb4 17.Qd2 Qg5 18.Bxf4
Qxf4 19.Qe2 Bd7 20.Nd2 Rab8 21.Bb1 Qg5 22.Ra3 f5 23.Rg3 Qf6 24.exf5 gxf5 25.b3 e4
26.f4 Rbe8 27.Nc2 Nxc2 28.Bxc2 Kh7 29.Kh2 Rg8 30.Rf2 Qh4 31.Nf1 Bd4 32.Rxg8 Qxf2 33.Qxf2
Bxf2 34.Rxe8 Bxe8 35.g4 Bg6 36.Kg2 Be1 37.gxf5 Bxf5 38.Ng3 Kg6 39.Bxe4 1-0

[Event "1. Bundesliga 2018/2019"]
[Site "Jenbach"]
[Date "2019.03.31"]
[Round "9"]
[Board "1"]
[White "Ragger, Markus"]
[Black "Bindrich, Falko"]
[Result "1-0"]
[WhiteElo "2687"]
[BlackElo "2609"]
[PlyCount "99"]
[EventDate "2018.11.15"]
[EventType "team"]
[EventRounds "11"]
[EventCountry "AUT"]
[WhiteTeam "SC MPOE Maria Saal"]
[BlackTeam "SK Hohenems"]

1.e4 e5 2.Nf3 Nf6 3.Nxe5 d6 4.Nf3 Nxe4 5.d4 d5 6.Bd3 Bf5 7.O-O Be7 8.Ne5 Nd7 9.Nc3
Nxe5 10.dxe5 Qd7 11.Bxe4 dxe4 12.Qxd7+ Kxd7 13.Rd1+ Kc6 14.Nd5 Rhe8 15.Bf4 Be6 16.Nc3
Bf5 17.Nd5 Be6 18.Nxe7+ Rxe7 19.Rd4 Rd7 20.Rxe4 Rad8 21.Ree1 Rd4 22.Be3 R4d5 23.f4
Bf5 24.Kf2 h5 25.h3 g6 26.Kf3 a5 27.a4 Be6 28.g4 Rh8 29.Kg3 b6 30.Rf1 Bc8 31.Rad1
Ba6 32.Rfe1 Bc8 33.b3 Be6 34.Rf1 Rxd1 35.Rxd1 Bc8 36.Bc1 Be6 37.Ba3 hxg4 38.hxg4 Bd5
39.f5 gxf5 40.gxf5 Rh5 41.Kf4 Rh4+ 42.Kg5 Rh2 43.c4 Be4 44.Rf1 Bd3 45.Rf3 Be2 46.Rf4
Rh5+ 47.Kf6 Bd3 48.Bf8 Bc2 49.e6 fxe6 50.fxe6  1-0

[Event "1. Bundesliga 2018/2019"]
[Site "Jenbach"]
[Date "2019.03.31"]
[Round "9"]
[Board "2"]
[White "Schneider, Ilja"]
[Black "Predojevic, Borki"]
[Result "1/2-1/2"]
[WhiteElo "2504"]
[BlackElo "2621"]
[PlyCount "74"]
[EventDate "2018.11.15"]
[EventType "team"]
[EventRounds "11"]
[EventCountry "AUT"]
[WhiteTeam "SK Hohenems"]
[BlackTeam "SC MPOE Maria Saal"]

1.d4 d5 2.c4 e6 3.Nf3 Nf6 4.g3 Bb4+ 5.Bd2 Be7 6.Bg2 O-O 7.O-O Nbd7 8.Qc2 c6 9.Bf4
a5 10.Rd1 h6 11.cxd5 exd5 12.Nc3 Nb6 13.Ne5 Be6 14.a3 Re8 15.Rac1 Nfd7 16.e4 dxe4
17.Nxe4 Nd5 18.Bd2 a4 19.Nxd7 Qxd7 20.Nc5 Bxc5 21.dxc5 Qe7 22.Re1 Qf6 23.Bc3 Nxc3
24.Qxc3 Qxc3 25.Rxc3 Red8 26.Be4 Rd2 27.Bc2 g5 28.Rd1 Rxd1+ 29.Bxd1 Kg7 30.f3 Kf6
31.Kf2 Rd8 32.Ke2 Rd4 33.b3 axb3 34.Bxb3 Bf5 35.Ke3 Rd8 36.Bc2 Re8+ 37.Kd4 Be6  1/2-1/2

[Event "1. Bundesliga 2018/2019"]
[Site "Jenbach"]
[Date "2019.03.31"]
[Round "9"]
[Board "3"]
[White "Buhmann, Rainer"]
[Black "Baldauf, Marco"]
[Result "1/2-1/2"]
[WhiteElo "2581"]
[BlackElo "2493"]
[PlyCount "83"]
[EventDate "2018.11.15"]
[EventType "team"]
[EventRounds "11"]
[EventCountry "AUT"]
[WhiteTeam "SC MPOE Maria Saal"]
[BlackTeam "SK Hohenems"]

1.Nf3 Nf6 2.c4 c5 3.Nc3 e6 4.g3 b6 5.Bg2 Bb7 6.O-O Be7 7.d4 cxd4 8.Qxd4 O-O 9.Rd1
d6 10.b3 Nbd7 11.e4 Qc8 12.Bb2 a6 13.Qe3 Re8 14.Rac1 Qc7 15.Nd4 Rac8 16.h3 Qb8 17.Rc2
Bf8 18.Re2 Nc5 19.Kh2 g6 20.f4 Bh6 21.Qf2 Qa8 22.Qe1 Rcd8 23.b4 Ncd7 24.e5 Bxg2 25.Rxg2
dxe5 26.fxe5 Nh5 27.b5 Nc5 28.Nc6 Rxd1 29.Qxd1 axb5 30.cxb5 f5 31.exf6 Nxf6 32.a4
Bg7 33.Re2 Qb7 34.Ba3 Nfd7 35.Ne4 Nxe4 36.Rxe4 Nf6 37.Re2 Qf7 38.Qd3 Nd5 39.Kg2 Qd7
40.Qc4 Nc3 41.Rf2 Nd1 42.Re2  1/2-1/2

[Event "1. Bundesliga 2018/2019"]
[Site "Jenbach"]
[Date "2019.03.31"]
[Round "9"]
[Board "4"]
[White "Atlas, Valery"]
[Black "Kreisl, Robert"]
[Result "1/2-1/2"]
[WhiteElo "2445"]
[BlackElo "2397"]
[PlyCount "38"]
[EventDate "2018.11.15"]
[EventType "team"]
[EventRounds "11"]
[EventCountry "AUT"]
[WhiteTeam "SK Hohenems"]
[BlackTeam "SC MPOE Maria Saal"]

1.e4 e5 2.Nf3 Nf6 3.Nxe5 d6 4.Nf3 Nxe4 5.Nc3 Nxc3 6.dxc3 Be7 7.Be3 O-O 8.Qd2 Nd7 9.O-O-O
Nf6 10.h3 c5 11.g4 Bd7 12.Bg2 Bc6 13.Qe1 Nd5 14.Bd2 Re8 15.Qf1 Nf6 16.Bf4 Nd5 17.Bd2
Nf6 18.Bf4 Nd5 19.Bd2 Nf6  1/2-1/2

[Event "1. Bundesliga 2018/2019"]
[Site "Jenbach"]
[Date "2019.03.31"]
[Round "9"]
[Board "5"]
[White "Naumann, Alexander"]
[Black "Froewis, Georg"]
[Result "1/2-1/2"]
[WhiteElo "2541"]
[BlackElo "2438"]
[PlyCount "112"]
[EventDate "2018.11.15"]
[EventType "team"]
[EventRounds "11"]
[EventCountry "AUT"]
[WhiteTeam "SC MPOE Maria Saal"]
[BlackTeam "SK Hohenems"]

1.e4 c5 2.Nf3 Nc6 3.d4 cxd4 4.Nxd4 g6 5.c4 Bg7 6.Be3 Nf6 7.Nc3 O-O 8.Be2 b6 9.O-O
Bb7 10.f3 e6 11.Qd2 d5 12.Nxc6 Bxc6 13.cxd5 exd5 14.e5 Ne8 15.f4 f6 16.Bf3 Nc7 17.exf6
Bxf6 18.Rad1 Qd7 19.Bd4 Rad8 20.g3 Qd6 21.Qf2 Rf7 22.Ne2 Bb5 23.Rfe1 Bxe2 24.Rxe2
Bxd4 25.Rxd4 Rfd7 26.h4 Kg7 27.Kg2 Qf6 28.Re5 Re7 29.Rxe7+ Qxe7 30.Qd2 Qf7 31.b3 h5
32.a4 Rd7 33.Rd3 Qf6 34.Rd4 Qf7 35.Kh2 Qe6 36.Rd3 Qf7 37.Bg2 Rd6 38.Qc3+ Kh7 39.Bh3
Qg7 40.Qd2 Ne8 41.Rxd5 Rxd5 42.Qxd5 Qb2+ 43.Kg1 Nf6 44.Qf7+ Kh6 45.Qf8+ Kh7 46.Qe7+
Kh6 47.Qe3 Qa1+ 48.Bf1 Ng4 49.Qd2 Kh7 50.Kg2 Qb1 51.Be2 Qxb3 52.Qd7+ Kh6 53.Bxg4 hxg4
54.Qxg4 Qxa4 55.Qg5+ Kh7 56.Qe7+ Kg8  1/2-1/2

[Event "1. Bundesliga 2018/2019"]
[Site "Jenbach"]
[Date "2019.03.31"]
[Round "9"]
[Board "6"]
[White "Novkovic, Milan"]
[Black "Handler, Lukas"]
[Result "0-1"]
[WhiteElo "2354"]
[BlackElo "2412"]
[PlyCount "50"]
[EventDate "2018.11.15"]
[EventType "team"]
[EventRounds "11"]
[EventCountry "AUT"]
[WhiteTeam "SK Hohenems"]
[BlackTeam "SC MPOE Maria Saal"]

1.c4 e5 2.e3 Nf6 3.d4 exd4 4.exd4 d5 5.Nf3 Be7 6.Nc3 O-O 7.cxd5 Nxd5 8.Bd3 Be6 9.O-O
Nd7 10.Re1 Re8 11.a3 h6 12.Bc2 N7f6 13.Na4 b6 14.Qd3 Bd6 15.Ne5 c5 16.Bd2 Qc7 17.Rac1
Rad8 18.Bb1 Ne7 19.Qf3 Qb8 20.Bxh6 cxd4 21.Qf4 Ng6 22.Bxg6 fxg6 23.Qg5 Bxe5 24.Rxe5
Bf7 25.Rxe8+ Nxe8  0-1

[Event "1. Bundesliga 2018/2019"]
[Site "Jenbach"]
[Date "2019.03.31"]
[Round "9"]
[Board "1"]
[White "Dragnev, Valentin"]
[Black "Menezes, Christoph"]
[Result "1/2-1/2"]
[WhiteElo "2514"]
[BlackElo "2399"]
[PlyCount "162"]
[EventDate "2018.11.15"]
[EventType "team"]
[EventRounds "11"]
[EventCountry "AUT"]
[WhiteTeam "mpimmo Wien - SK Ottakring"]
[BlackTeam "UNION Ansfelden"]

1.d4 Nf6 2.Bf4 e6 3.e3 d5 4.Nf3 Bd6 5.Nbd2 O-O 6.Bd3 b6 7.Qe2 Bb7 8.O-O Ne4 9.Rad1
Nd7 10.Bxd6 cxd6 11.c4 Nxd2 12.Rxd2 dxc4 13.Bxc4 Nf6 14.Rc1 Rc8 15.Rdc2 Rc7 16.Ba6
Rxc2 17.Rxc2 Be4 18.Rc1 Qa8 19.Ne1 e5 20.Qd2 Bd5 21.b3 Bb7 22.Bxb7 Qxb7 23.dxe5 dxe5
24.Qd6 Re8 25.Nd3 Ne4 26.Qc7 Qxc7 27.Rxc7 Rd8 28.Kf1 f6 29.Ke2 a5 30.Rc4 Nd6 31.Rc6
b5 32.Nc5 b4 33.g4 Nb5 34.Ne4 Kf7 35.Rc5 Nc3+ 36.Nxc3 bxc3 37.Rxc3 Ra8 38.Rc7+ Kg6
39.Kd3 Rd8+ 40.Kc2 Rh8 41.Kd3 h5 42.h3 hxg4 43.hxg4 Rd8+ 44.Ke2 Ra8 45.Rc4 Rb8 46.Kd3
Rd8+ 47.Ke2 Rd5 48.a4 Kg5 49.f3 g6 50.Rc6 Rd8 51.Rc5 Ra8 52.Rb5 Ra6 53.f4+ Kxg4 54.fxe5
fxe5 55.Rxe5 g5 56.Rd5 Ra8 57.e4 Kf4 58.Kd3 g4 59.Rf5+ Kg3 60.e5 Kh4 61.e6 g3 62.Ke2
Re8 63.Re5 Kg4 64.Ke3 Re7 65.Re4+ Kf5 66.Kf3 Rxe6 67.Rf4+ Ke5 68.Kxg3 Rg6+ 69.Kf3
Rb6 70.Re4+ Kd5 71.Re3 Kc5 72.Ke2 Kb4 73.Kd2 Ka3 74.Kc2 Rc6+ 75.Rc3 Rg6 76.Rc5 Rg2+
77.Kc3 Rg3+ 78.Kc4 Rxb3 79.Rxa5 Rb4+ 80.Kc5 Rxa4 81.Rxa4+ Kxa4  1/2-1/2

[Event "1. Bundesliga 2018/2019"]
[Site "Jenbach"]
[Date "2019.03.31"]
[Round "9"]
[Board "2"]
[White "Weiss, Christian"]
[Black "Blohberger, Felix"]
[Result "1/2-1/2"]
[WhiteElo "2373"]
[BlackElo "2464"]
[PlyCount "123"]
[EventDate "2018.11.15"]
[EventType "team"]
[EventRounds "11"]
[EventCountry "AUT"]
[WhiteTeam "UNION Ansfelden"]
[BlackTeam "mpimmo Wien - SK Ottakring"]

1.b3 d5 2.Bb2 Bf5 3.e3 e6 4.Nf3 h6 5.Be2 Nf6 6.O-O Nbd7 7.c4 c6 8.Nc3 Be7 9.a3 a5
10.d4 O-O 11.Bd3 Bxd3 12.Qxd3 Qb6 13.Nd2 Rfd8 14.c5 Qc7 15.f4 b6 16.b4 Rdb8 17.Rab1
Rb7 18.h3 Rab8 19.Qc2 Bd8 20.Na4 axb4 21.axb4 bxc5 22.Nxc5 Rb6 23.Bc3 Qc8 24.Ra1 Be7
25.Ra4 Bxc5 26.bxc5 Ra6 27.Rfa1 Rba8 28.Kf2 Rxa4 29.Rxa4 Rxa4 30.Qxa4 Qb7 31.Qc2 Qb5
32.g4 Ne4+ 33.Nxe4 dxe4 34.Qxe4 Nf6 35.Qf3 Qd3 36.Be1 Ne4+ 37.Kg2 f5 38.gxf5 exf5
39.h4 Kh7 40.Bf2 Qc2 41.Kg1 Qb1+ 42.Kg2 Qc2 43.Kg1 Kg6 44.h5+ Kf7 45.Bh4 Qd2 46.Bd8
Qc1+ 47.Kg2 Qd2+ 48.Kg1 Qc1+ 49.Kg2 Qe1 50.Bc7 Nd2 51.Qf2 Qxf2+ 52.Kxf2 Ne4+ 53.Kg2
Nf6 54.Be5 Nxh5 55.d5 cxd5 56.c6 Ke7 57.Kh3 g5 58.Kg2 Ke6 59.Kf3 Ke7 60.Kf2 Ke6 61.Kf3
Ke7 62.Kf2  1/2-1/2